Statistics for 6-Letter Music Chain

Click here to take the quiz!

General Stats

  • This quiz has been taken 12,336 times
  • The average score is 18 of 25

Answer Stats

HintAnswer% Correct
Color which is the title of a Coldplay songYellow
95%
Instrument played by Eddie Van HalenGuitar
90%
Rapper born as Marshall MathersEminem
89%
Singer of "Purple Rain"Prince
88%
Musical genre from JamaicaReggae
88%
Composer who was born in Salzburg
and died in Vienna at age 35
Mozart
87%
Band which recorded "Hotel California"Eagles
85%
Family of musical instrument which includes
violins and harps
String
84%
Band mate of John, Paul, and RingoGeorge
80%
Where you're likely to hear a hymnChurch
79%
Where samba music comes fromBrazil
78%
"I shot the sheriff but I did not
shoot the _____"
Deputy
74%
App which can identify the song
you're listening to
Shazam
73%
The volume on Spinal Tap's amplifiers
goes up to this number
Eleven
68%
Camila Cabello: "My Heart is in ______"Havana
68%
Righteous Brothers:
"You've lost that _____ feeling"
Loving
67%
When the radio doesn't come in all you
can hear is ...
Static
67%
EP or LP, for exampleRecord
62%
Video game with a Russian soundtrackTetris
62%
Remix of two songs onto the same trackMashup
61%
Musical about an orphanOliver
55%
Electronically produced echo effectReverb
53%
Moody Blues: "_____ in White Satin"Nights
49%
Simon & Garfunkel : "Hazy Shade of ____"Winter
45%
Slower than andante, faster than largoAdagio
28%

Score Distribution

Percentile by Number Answered

Percent of People with Each Score

Your Score History

You have not taken this quiz